Lun yu zhu shu /

Saved in:
நூற்பட்டியல் விவரங்கள்
மற்ற எழுத்தாளர்கள்: Yan, Lingfeng, 1904- (comp.)
வடிவம்: புத்தகம்
மொழி:Chinese
வெளியீடப்பட்டது: Taibei, [Min guo 55 i.e. 1966]
தொகுதி:Wu qiu bei zhai Lun yu ji cheng ; 15.
பகுதிகள்:
குறியீடுகள்: குறிச்சொல் இணை
குறியீடுகள் இல்லை, இந்த குறிச்சொல்லை முதலில் பதிவு செய்யுங்கள்!
LEADER 01363cam a2200325ui 4500
001 007722152-4
005 20024617111505.0
008 960723r19661930ch 000 0 chi d
035 0 |a ocm35126607 
040 |a PPiU  |c PPiU  |d *YNH*  |d CStRLIN 
245 0 0 |6 880-01  |a Lun yu zhu shu /  |c Yan Lingfeng bian ji. 
260 |6 880-02  |a Taibei,  |c [Min guo 55 i.e. 1966] 
300 |a 4 v. (double leaves) in case. 
490 1 |6 880-03  |a Wu qiu bei zhai Lun yu ji cheng ;  |v 15 
500 |6 880-04  |a (In Yan Lingfeng bian ji Wu qiu bei zhai Lun yu ji cheng v. 32-35) 
500 |6 880-05  |a Facsimile reproduction of Riben Zhaohe 5 [1930] Seze Rongyi jing yin Song kan ben. 
600 0 0 |6 880-06  |a Confucius.  |t Lun yu. 
650 0 |a Chinese classics. 
700 1 |6 880-07  |a Yan, Lingfeng,  |d 1904-  |e comp. 
880 0 0 |6 245-01  |a 論語注疏 /  |c 嚴靈峯編輯. 
880 |6 260-02  |a 台北,  |c [民國55 i.e. 1966] 
880 1 |6 490-03  |a 無求備齋論語集成 ;  |v 15 
880 |6 500-04  |a (In 嚴靈峯編輯 無求備齋論語集成 v. 32-35) 
880 |6 500-05  |a Facsimile reproduction of 日本昭和5 [1930] 澁澤榮一景印宋刊本. 
880 0 0 |6 600-06  |a Confucius.  |t 論語. 
880 1 |6 700-07  |a 嚴靈峯,  |d 1904-  |e comp. 
830 0 |6 880-53  |a Wu qiu bei zhai Lun yu ji cheng ;  |v 15. 
880 0 |6 830-53  |a 無求備齋論語集成 ;  |v 15. 
988 |a 20021109 
906 |0 OCLC